MARC

LEADER 00000nas a2200000 a 4500
001 ssj0001601
003 WaSeSS
005 20200512172242.0
006 m d
007 cr n
008 950523d19952002gaumr p s 0 a0eng c
010 |a  96648252   |z sn 95026036  
016 7 |a 9890091  |2 DNLM 
016 7 |a SR0086223  |2 DNLM 
016 7 |a 009845521  |2 Uk 
022 |l 1085-1259  |y 1085-1259 
030 |a IISOFB 
035 |a (WaSeSS)ssj0001601 
040 |a SCT  |b eng  |c SCT  |d DLC  |d UIU  |d FUG  |d CAS  |d HUL  |d WAU  |d NYG  |d EYM  |d NSD  |d IUL  |d DLC  |d OCL  |d NSD  |d IUL  |d NSD  |d NLM  |d EYM  |d GUA  |d NYG  |d LVB  |d OCLCQ  |d UKMGB  |d OCLCF  |d OCLCO  |d I8M  |d OCLCQ  |d CSJ  |d OCLCQ  |d GILDS  |d OCLCO  |d RDF  |d NJR  |d WaSeSS 
042 |a pcc  |a nsdp 
050 0 0 |a T55.4  |b .I2 
082 1 0 |a 670  |2 12 
210 0 |a IIE solut. 
222 0 |a IIE solutions 
245 0 0 |a IIE solutions  |h [electronic resource]. 
246 3 |a Institute of Industrial Engineers solutions 
246 3 0 |a Solutions 
246 1 3 |a Industrial engineering solutions 
260 |a Norcross, GA :  |b Institute of Industrial Engineers,  |c ©1995-©2002. 
310 |a Monthly 
362 0 |a [Vol. 27, no. 5] (May 1995)-v. 34, no. 12 (Dec. 2002). 
500 |a Title from cover. 
506 |a License restrictions may limit access. 
515 |a Issue for May 1995 lacks numeric designation but constitutes v. 27, no. 5. 
515 |a Issues for June 1995-Dec. 1998 have vol. numbering on spine only. 
650 0 |a Industrial engineering  |v Periodicals. 
650 6 |a Génie industriel  |v Périodiques. 
650 7 |a Industrial engineering.  |2 fast  |0 (OCoLC)fst00970992 
655 0 |a Electronic journals. 
710 2 |a Institute of Industrial Engineers (1981- ) 
770 0 |t Student IE  |x 1091-5273  |w (DLC)sn 96000903  |w (OCoLC)33431637 
780 0 0 |t Industrial engineering (Institute of Industrial Engineers (1981- ))  |x 0019-8234  |w (DLC) 82641686  |w (OCoLC)8262407 
785 0 0 |t Industrial engineer (Norcross, Ga.)  |x 1542-894X  |w (DLC) 2002213084  |w (OCoLC)51220284 
850 |a DLC  |a FU  |a InU  |a MH-BA  |a MiU  |a N  |a WaU 
856 4 0 |z Full text available from Research Library: 05/01/1995 to 12/31/2002  |u https://search.proquest.com/publication/43876